000 004900000a22002050004500
999 _c47453
_d47453
001 196
003 CO-MdFUSB
005 20180213143115.0
008 171031b xxu||||| |||| 00| 0 eng d
020 _a958-04-1839-X
040 _cCO-MdBIC
082 0 4 _a863N Tr63cf
100 1 _aWilliams, Margery
245 1 0 _aEl conejo de felpa / Margery Williams
260 _aBogotá : Norma
300 _a79 P.
500 _acategoria 7 años
650 1 4 _aLiteratura Infantil
942 _cLGB